Quiz o koronawirusie - Statystyki

Ogólne statystyki
  • Ten quiz został rozwiązany 191 razy
  • Średni wynik to 3 z 11
Statystyki odpowiedzi
Zagadnienie Odpowiedź % Poprawnych
W jakim chińskim mieście potwierdzono 1 przypadek kronawirusa? Wuhan
100%
Kiedy WHO ogłosiło światową PANDEMIĘ? 11 marca
67%
Ile zgonów odnotowano na koronwairusa na całym świecie? (zaookroglono do 100 tysięcy) 1 300 000
33%
Kiedy potwierdzono 1 przypadek koronawirusa w Polsce? 4 marca
33%
Które województwo jako pierwsze przekroczyło 100 tys zachorowań na koronawirusa? śląskie
33%
Gdzie odnotowano pierwszy zgon w Polsce? W Poznaniu
33%
Kiedy odnotowano pierwszy zgon na koronawirusa w Polsce? 12 marca
0%
Kiedy potwierdzono 1 przypadek koronawiursa na całym świecie? 17 listopada 2019
0%
Kiedy WHO ogłosiło Stan zagrożenia zdrowia publicznego o zasięgu międzynarodowym? 31 stycznia
0%
W jakim kraju potwierdzono pierwszy przypadek koronawirusa poza Chinami na całym świecie? Tajlandia
0%
Gdzie odnotowano 1 przypadek koronawirusa w Polsce? W Zielonej Górze
0%
Nie znaleziono quizów pasujących do podanych kryteriów
Rozkład punktacji
Procent ludzi z każdym wynikiem
Percentyl według liczby udzielonych odpowiedzi
Twoja historia wyników
Nie rozwiązałeś tego quizu